• 首页
  • 本馆介绍
  • 公告通知
  • 最新文献
  • 馆藏检索
  • 电子资源
  • 读者导购
  • 参考咨询
  • 我的图书馆
  • 登录
  • 详细信息显示
  • 放入我的书架
  • 预约/预借图书
  • 作者相关作品
  • 分类相关作品
  • 丛书相关作品
  • 出版社相关作品

书目信息

  • 表格格式
  • 工作单格式
  • 卡片格式
题名:
建筑材料及工程应用
    
 
作者: 魏国安 , 陈丙义 主编
分册:  
出版信息: 北京   中国建筑工业出版社  2018.04
页数: 185页
开本: 20cm
丛书名:
单 册:
中图分类: TU5
科图分类:
主题词: 建筑材料
电子资源:
ISBN: 978-7-112-22014-4
000 00654nam0 2200205 450
001 4714
005 20181012170150.12
010    @a978-7-112-22014-4@dCNY28.00
100    @a20181012d2018 km y0chiy0120 ea
101 0  @achi
102    @aCN@b110000
200 1  @a建筑材料及工程应用@Ajian zhu cai liao ji gong cheng ying yong@f魏国安,陈丙义主编@Fwei guo an,chen bing yi zhu bian
210    @a北京@c中国建筑工业出版社@d2018.04
215    @a185页@d20cm
606 0  @a建筑材料
690    @aTU5@v4
701  0 @a魏国安@Awei guo an@4主编
701  0 @a陈丙义@Achen bing yi@4主编
801  0 @aCN@b大连网信软件有限公司图书馆·11@c20181012
905    @aMuseLib@dTU5@e1459
    
    建筑材料及工程应用/魏国安,陈丙义主编.-北京:中国建筑工业出版社,2018.04
    185页;20cm
    
    
    ISBN 978-7-112-22014-4:CNY28.00
    
●
相关链接 在E读中查询图书 在五车中查询图书 在当当中查询图书 在豆瓣中查询图书


正题名:建筑材料及工程应用     索取号:TU5/1459         预约/预借

序号 登录号 条形码 馆藏地/架位号 状态 备注
1 1126289   211262890   第二样本阅览室/ [索取号:TU5/1459] 在馆    
2 1126290   211262907   第三借阅区/ [索取号:TU5/1459] 在馆    
3 1126291   211262916   第三借阅区/ [索取号:TU5/1459] 在馆    
4 1126292   211262925   第三借阅区/ [索取号:TU5/1459] 在馆    
5 1126293   211262934   密集书库-资源管理系/ [索取号:TU5/1459] 在馆    
唐山师范学院图书馆 欢迎您!
大连网信软件有限公司© 版权所有